Регионална библиотека "Любен Каравелов" - Русе

Англичаните (Запис номер 85405)

MARC детайли
000 -Лидер
Контролно поле с фиксирана дължина 01836nam a2200421 c 4500
003 - Код на организацията, давaща контролен номер
Контролно поле BLK
005 - Дата и час на последна редакция
Контролно поле 20230608014049.0
008 - Елементи от данни с фиксирана дължина
fixed length control field 180408b bul|||||r ||||||| ||bul||
010 ## - Наследен системен номер
LC control number KNG00090005000
020 ## - Международен стандартен номер на книга ISBN
Международен стандартен номер на книга ISBN 978-954-365-023-1
-- издат.: Еднорог
040 ## - Източник на каталожния запис
Идентификатор на билиотеката - собственик на записа BLK
041 ## - Код за език
Код за езика на текст/звукозапис или на отделно заглавие Български
Код за езика КДБФ Български
080 ## - УДК
Текстов определител УДК История на Англия и Великобритания
УДК код - определител по УДК 94(410)
УДК определител (02.062)
УДК - код + определител 94(410)(02.062)
080 ## - УДК
Текстов определител УДК Психология на расата. Народопсихология
УДК код - определител по УДК 159.922.4
УДК определител (=20)(02.062)
УДК - код + определител 159.922.4(=20)(02.062)
100 1# - Редна дума - Автор
Автор Паксман, Джеръми
Авторска отговорност първи автор
R(LIN) 105678
139 ## - Редно поле
Редна дума Паксман, Джеръми
Авторски знак Пад - П 14
245 10 - Сведения за заглавието
Заглавие Англичаните
Подзаглавни данни Портрет на един народ
Редно поле (дума) Джеръми Паксман; прев. от англ. Боряна Ангелова Джанабетска.
250 ## - Област на изданието
Сведения за изданието 2. изд.
257 ## - Страна на издаване
Страна на създаване/издаване Великобритания
260 ## - Област на издателските данни
-- София
Име на издателя, разпространителя и проч. Еднорог
Година на издаване 2007
300 ## - Физическа характеристика
Страници 397 с.
Размери/Мащаб 21 см
380 ## - Жанр
Жанр История
500 ## - Общи забележки
Забележка Ориг. загл. The English / Jeremy Paxman. - 1. изд. 2000 със загл. Англичаните - портрет на един народ.
650 #4 - Допълнително описание по предмет – тема
Основно описание – тема или топоним Англичани - народопсихология
9 (RLIN) 147156
650 #4 - Допълнително описание по предмет – тема
Основно описание – тема или топоним Великобритания - история
9 (RLIN) 253813
651 #4 - Допълнително описание по предмет - топоним
Географско понятие Великобритания
9 (RLIN) 178698
653 ## - Ключова дума – ненормативна
Ключова дума англичани
653 ## - Ключова дума – ненормативна
Ключова дума народопсихология
653 ## - Ключова дума – ненормативна
Ключова дума Англия
653 ## - Ключова дума – ненормативна
Ключова дума история
700 ## - Други автори (авторска отговорност)
Лично име Джанабетска, Боряна Ангелова, 1957-
9 (RLIN) 364686
852 ## - Местоположение
Форматна сигнатура Цб 244365
856 4# - Електронен адрес и достъп
Електронен формат pdf - файл
Път до файла /url/
856 4# - Електронен адрес и достъп
Електронен формат pdf - файл
Път до файла /url/
942 ## - АРТИКУЛИ
Вид на библиотечния материал Книги
Скрит в OPAC Не
944 ## - СЪЗДАВАНЕ И РЕДАКЦИЯ на ЗАПИСА
Създаване/Редакция Създаване
Дата на регистрацията/редакция 17.06.2009
Служител, извършил регистрацията/редакцията Милена_Ачева
944 ## - СЪЗДАВАНЕ И РЕДАКЦИЯ на ЗАПИСА
Създаване/Редакция Редакция
Дата на регистрацията/редакция 12.02.2016
Служител, извършил регистрацията/редакцията Людмила_Стоянова
999 ## - СИСТЕМНИ КОНТРОЛНИ НОМЕРА
Koha biblionumber 85405
Koha biblioitemnumber 85405
Наличности
Код за отписване Код за изгубен артикул Код за повреда Коз за рестрикции Код за отдаване Артикулен № Име на библиотеката - собственик Име на библиотеката, в която се намира в момента Статус (Текущо местоположение) Дата на вписване в системата Местоположение - отдел Цена в лева Инвентарен номер Систематично азбучна сигнатура Баркод Номер на екземпляра Цена в евро Служебна бележка Служебен тип на артикула
  Не е изгубен Не е повреден без рестрикции ползва се в читалня 138525 Регионална библиотека "Любен Каравелов" Русе Регионална библиотека "Любен Каравелов" Русе Хранилище 2009-06-16 Хранилище 15.00 120000736258 Цб 244365 120000736258 1 7.67 Дост: Dp Вид: Д N: 2 Дата: 17.12.2008 Книги
Vip Innovations Ltd, Rousse, Bulgaria 2025